| 000 | 00384nam a2200157Ia 4500 | ||
|---|---|---|---|
| 008 | 210716s2012 xx 000 0 und d | ||
| 020 | _a9788131516256 | ||
| 041 | _aeng | ||
| 082 | _a003 PRAM | ||
| 100 | _aPrasad, M V Durga. | ||
| 245 | _aOperations research. | ||
| 250 | _a1 | ||
| 260 |
_aNew Delhi _bCengage Learning _c2012 |
||
| 300 | _axi,439 | ||
| 650 | _aOperations Research | ||
| 999 |
_c208420 _d208420 |
||